ბათუმის შოთა რუსთაველის სახელმწიფო უნივერსიტეტის ბიბლიოთეკა

სუბტროპიკული ხეხილოვანი კულტურები / (ბიბ.ჩანაწერი № 50779)

000 -ლიდერი
ფიქსირებული სიგრძის საკონტროლო ველი 01253nam a2200253Ia 4500
001 - საკონტროლო ნომერი
საკონტროლო ველი 17731
003 - საკონტროლო ნომრის იდენტიფიკატორი
საკონტროლო ველი GE_BSU
005 - ბოლო ოპერაციის თარიღი და დრო
საკონტროლო ველი 20230120121225.0
008 - ფიქსირებული სიგრძის მონაცემთა ელემენტები - ზოგადი ინფორმაცია
ფიქსირებული სიგრძის საკონტროლო ველი 181216s2015||||ge |||||||||||||| ||geo||
020 ## - წიგნის საერთაშორისო სტანდარტული ნომერი
International Standard Book Number 9789941459030
040 ## - კატალოგიზაციის წყარო
Transcribing agency GE_BSU
041 ## - ენის კოდი
Language code of text/sound track or separate title geo
080 ## - უნივერსალური ათობითი კლასიფიკაციის ინდექსი
Universal Decimal Classification number 634.6(479.22) თ-12
100 ## - მთავარი ჩანაწერი - პიროვნების სახელი
Personal name თაბაგარი, მარიეტა
9 (RLIN) 2509
245 ## - ცნობა სათაურის შესახებ
Title სუბტროპიკული ხეხილოვანი კულტურები /
Statement of responsibility, etc მარიეტა თაბაგარი; რედ.: ვ. ქობალია.
264 ## - წარმოების, გამოცემის, დისტრიბუციის და სხვა ცნობები
გამოცემის, წარმოების, დისტრიბუციის... ადგილი ქუთაისი :
გამოცემის, წარმოების, დისტრიბუციის... სახელწოდება აკაკი წერეთლის სახ. უნ-ტი,
გამოცემის, წარმოების, დისტრიბუციის... თარიღი 2015.
300 ## - ფიზიკური აღწერა
Extent 172 გვ.:
Other physical details ილ.;
Dimensions 20 სმ.
504 ## - BIBLIOGRAPHY, ETC. NOTE
Bibliography, etc ბიბლ.გვ.164-165
653 ## - INDEX TERM--UNCONTROLLED
Uncontrolled term საქართველოს სუბტროპიკული ხეხილოვანი კულტურები
653 ## - INDEX TERM--UNCONTROLLED
Uncontrolled term საქართველოს ციტრუსოვანი კულტურები
653 ## - INDEX TERM--UNCONTROLLED
Uncontrolled term საქართველოს კაკლოვანი კულტურები
700 ## - ADDED ENTRY--PERSONAL NAME
Personal name ქობალია, ვახტანგ
Relator term რედაქტორი
9 (RLIN) 2530
942 ## - ADDED ENTRY ELEMENTS (KOHA)
Koha item type წიგნი
Source of classification or shelving scheme
ეგზემპლარები
ჩამოწერის სტატუსი დაკარგული ეგზემპლარის სტატუსი კლასიფიკაციის წყარო ან თაროზე გაწყობის სქემა დაზიანების სტატუსი არ გაიცემა მუდმივი მდებარეობა (დაცვის ადგილი) ამჟამინდელი ადგილსამყოფელი თაროზე განთავსების ადგილი შეძენის თარიღი სრული შენახვის შიფრი შტრიხკოდი ბოლო ოპერაციის თარიღი ეგზემპლარის მიმდევრობითი ნომერი (კეტერი?) ფასის ძალაში შესვლის თარიღი ეგზემპლარის სახეობა ღირებულება, შესყიდვის ნორმალური ფასი საჯარო შენიშვნა Uniform Resource Identifier
          აგრარული და მემბრანული ტექნოლოგიების ინსტიტუტის ბიბლიოთეკა აგრარული და მემბრანული ტექნოლოგიების ინსტიტუტის ბიბლიოთეკა წიგნსაცავი 2018-12-17 634.6(479.22) თ-12 41581 2018-12-17 41581 2018-12-17 წიგნი      
          აგრარული და მემბრანული ტექნოლოგიების ინსტიტუტის ბიბლიოთეკა აგრარული და მემბრანული ტექნოლოგიების ინსტიტუტის ბიბლიოთეკა წიგნსაცავი 2023-01-20 634.6(479.22) თ-12 63466 2023-01-20 63466 2023-01-20 წიგნი 7.00 7 ლ.  
          აგრარული და მემბრანული ტექნოლოგიების ინსტიტუტის ბიბლიოთეკა აგრარული და მემბრანული ტექნოლოგიების ინსტიტუტის ბიბლიოთეკა წიგნსაცავი 2025-04-24 634.6(479.22) თ-12 71216 2025-04-24 71216 2025-04-24 წიგნი 7.00 7.00 ნაჩუქარი